Передача силы стальными лентами; Известия южно-русского общества технологов; т. 12, № 7

গ্রন্থ-পঞ্জীর বিবরন
Parent link:Известия южно-русского общества технологов: технический журнал/ Правление южно-русских обществ технологов.— , 1896-1917
т. 12, № 7.— 1908.— с. 91-96
প্রধান লেখক: Конюхов С. К.
ভাষা:রুশ
প্রকাশিত: 1908
বিষয়গুলি:
বিন্যাস: MixedMaterials গ্রন্থের অধ্যায়
KOHA link:https://koha.lib.tpu.ru/cgi-bin/koha/opac-detail.pl?biblionumber=418278

MARC

LEADER 00000naa2a2200000 4500
001 418278
005 20241224132836.0
035 |a (RuTPU)RU\TPU\prd\75428 
035 |a RU\TPU\tpu\401 
090 |a 418278 
100 |a 20100129d1908 k||y0rusy50 ca 
101 0 |a rus 
102 |a RU 
200 1 |a Передача силы стальными лентами  |f С. К. Конюхов 
461 |0 (RuTPU)RU\TPU\prd\1497  |t Известия южно-русского общества технологов  |o технический журнал  |f Правление южно-русских обществ технологов  |d 1896-1917 
463 |0 (RuTPU)RU\TPU\prd\75426  |t т. 12, № 7  |v с. 91-96  |d 1908 
610 1 |a механика 
610 1 |a гидромеханика 
610 1 |a аэромеханика 
610 1 |a труды учёных ТПУ 
700 1 |a Конюхов  |b С. К. 
801 0 |a RU  |b 63413507  |c 20011210  |g PSBO 
801 2 |a RU  |b 63413507  |c 20100129  |g PSBO 
942 |c BK